000 00964nam a2200229 a 4500
999 _c11197
_d11197
001 11197
003 BD-JhCC
005 20200317134008.0
008 190806s2014 bg a|||| |||| 000 0 ben d
020 _a9840753355
035 _a(BD-JhCC)11197
040 _aBD-JhCC
_dBD-JhCC
041 _aben
082 _a398.1
_bBAN 2014
245 _aবাংলা একাডেমী বাংলাদেশের লোকজ সংস্কৃতি গ্রন্থমালা :
_bদিনাজপুর /
_cসম্পাদনায় শামসুজ্জামান খান
260 _aঢাকা :
_bবাংলা একাডেমী,
_c২০১৪.
300 _a৩৫৫ পৃ. :
_bচিত্রাবলী সংযোজিত;
_c২২ সেমি.
504 _aগ্রন্থপঞ্জি সংবলিত
650 _aFolklore
700 _aখান, শামসুজ্জামান
942 _2ddc
_cBK
_02